Serie A 2017-18 Top Scorers - Statistics

General Stats
  • This quiz has been taken 44 times
  • The average score is 15 of 23
Answer Stats
Ranking Goals Scored Nationality Club Name % Correct
1 29 Lazio Ciro Immobile
97%
2 22 Juventus Paulo Dybala
97%
16 Roma Edin Dzeko
95%
5 16 Juventus Gonzalo Higuaín
95%
4 18 Napoli Dries Mertens
92%
29 Inter Mauro Icardi
90%
3 19 Sampdoria Fabio Quagliarella
87%
11 Inter Ivan Perisic
82%
9 10 Napoli José Callejón
79%
12 Lazio Sergej Milinkovic-Savic
79%
11 Atalanta Josip Ilicic
77%
11 Sampdoria Duván Zapata
72%
8 11 Lazio Luis Alberto
72%
10 Torino Andrea Belotti
64%
7 12 Torino Iago Falque
49%
11 Cagliari Leonardo Pavoletti
49%
6 14 Fiorentina Giovanni Simeone
46%
10 Milan Patrick Cutrone
38%
12 Chievo Roberto Inglese
26%
12 Udinese Kevin Lasagna
23%
11 SPAL Mirco Antenucci
23%
10 Sassuolo Matteo Politano
18%
10 Bologna Simone Verdi
13%
No matching quizzes found
Score Distribution
Percent of People with Each Score
Percentile by Number Answered
Your Score History
You have not taken this quiz